Confesiones de una máscara (Registro nro. 183830)
[ vista simple ]
| 000 -ENCABEZADO | |
|---|---|
| Número de control [NR] | 00861 a2200253 4500 |
| 005 - FECHA Y HORA DE LA ÚLTIMA TRANSACCIÓN | |
| control field | 20140903175014.0 |
| 008 - DE LONGITUD FIJA DE DATOS DE ELEMENTOS - INFORMACIÓN GENERAL | |
| Elementos de longitud fija [NR] | 140131s2010 sp fr 000 0dspa |
| 020 ## - NUMERO INTERNACIONAL NORMALIZADO PARA LIBROS [R] | |
| Número Internacional Normalizado del libro [NR] | 9788420651545 |
| 040 ## - FUENTE DE CATALOGACION [NR] | |
| Agencia de catalogación original [NR] | CO-BoUCM |
| Idioma de catalogación [NR] | spa |
| Quien Cataloga | Jose A. Gerena |
| Quien Clasifica | Diana Londoño |
| 041 ## - CODIGO DE IDIOMA [R] | |
| Código de idioma para texto/pista de sonido o título separado [R] | Español |
| 100 1# - ASIENTO PRINCIPAL--NOMBRE PERSONAL [NR] | |
| Nombre personal [NR] | Mishima, Yukio |
| ID Autoridad | 2352 |
| 245 10 - MENCION DE TITULO [NR] | |
| Título [NR] | Confesiones de una máscara |
| Mención de responsabilidad, etc. [NR] | Yukio Mishima ; traducción de romi Sato y Carlos Rubio |
| 260 ## - PUBLICACION, DISTRIBUCION, ETC. (PIE DE IMPRENTA) [R] | |
| Fecha de publicación, distribución, etc. [R] | 2010 |
| Nombre del editor, distribuidor, etc. [R] | Alianza |
| Lugar de publicación, distribución, etc. [R] | Madrid (España) |
| 300 ## - DESCRIPCION FISICA [R] | |
| Extensión [R] | 308 páginas |
| 650 #7 - ASIENTO SECUNDARIO DE MATERIA - TERMINO TEMATICO [R] | |
| 9 (RLIN) | 18695 |
| Término temático o nombre geográfico como elemento de entrada [NR] | Literatura japonesa |
| 650 #7 - ASIENTO SECUNDARIO DE MATERIA - TERMINO TEMATICO [R] | |
| 9 (RLIN) | 20535 |
| Término temático o nombre geográfico como elemento de entrada [NR] | Novela japonesa |
| 650 #7 - ASIENTO SECUNDARIO DE MATERIA - TERMINO TEMATICO [R] | |
| 9 (RLIN) | 8632 |
| Término temático o nombre geográfico como elemento de entrada [NR] | Adolescentes |
| Subdivisión de forma [R] | Novela |
| 690 ## - ASUNTO AGREGADO LOCAL DE ENTRADA - TÉRMINO TEMÁTICO (OCLC, RLIN) | |
| 9 (RLIN) | 42867 |
| Acceso temático local | Literatura oriental |
| 700 1# - ASIENTO SECUNDARIO - NOMBRE PERSONAL [R] | |
| Nombre personal [NR] | Rubio, Carlos |
| Término de relación [R] | traductor |
| 9 (RLIN) | 54668 |
| 700 1# - ASIENTO SECUNDARIO - NOMBRE PERSONAL [R] | |
| Nombre personal [NR] | Sato, Rumi |
| Término de relación [R] | traductor |
| 9 (RLIN) | 54667 |
| 765 ## - ASIENTO DE IDIOMA ORIGINAL [R] | |
| Título [NR] | Kamen no kokuhaku |
| 942 ## - ELEMENTOS DE ENTRADA AGREGADOS (KOHA) | |
| Tipo de ítem principal el descrito en 300a | Libro |
| Tema principal | Literatura |
| Edición | 1 |
| Parte restante de la signatura top. | M678co |
| Sistema de clasificación | DEWEY |
| Clasificación | 895.65 |
| Fecha de último préstamo | Total préstamos | Total Renewals | Signatura topográfica | Código de barras | Última vez visto | Ejemplar | Costo de reposición | Price effective from | Tipo de ítem | Perdido | Sistema de clasificación | Dañado | No prestable | Tipo de ítem específico | Suprimido | Ubicación habitual | Ubicación actual | Localización | Fecha de creación | Proveedor | Forma de adquisición | Costo |
|---|---|---|---|---|---|---|---|---|---|---|---|---|---|---|---|---|---|---|---|---|---|---|
| 03/06/2025 | 21 | 36 | 895.65 M678co | 100139899 | 09/12/2025 | Ej.1 | 55800.00 | 14/01/2014 | Libro | DEWEY | Libro | Claustro | Claustro | 2do piso | 14/01/2014 | 15 | Compra | 55800.00 |